[Event "LSS ZN-2009-0-00850"]
[Site "LSS email"]
[Date "2010.01.08"]
[Round "?"]
[White "Scholten, Christian"]
[Black "Krivoshey, Dmitrij"]
[Result "1-0"]
[WhiteElo "800"]
[BlackElo "755"]
[PlyCount "51"]
[EventDate "2009.12.25"]
[EventType "match (corr)"]
[EventRounds "2"]
[EventCountry "GER"]
[SourceTitle "Corr 2013"]
[Source "ChessBase"]
[SourceDate "2012.11.12"]
[SourceVersion "1"]
[SourceVersionDate "2012.11.12"]
[SourceQuality "1"]

1. d4 d5 2. Bf4 Bg4 3. f3 Bh5 4. e4 dxe4 5. Be2 Nf6 6. Nc3 exf3 7. Bxf3 Bxf3 8. Nxf3 Nbd7 9. 0-0 e6 10. Qe2 Bd6 11. Bg3 Bxg3 12. hxg3 0-0 13. Kf2 c5 14. Qd3 Qb8 15. Rad1 Ng4+ 16. Kg1 b6 17. d5 Nde5 18. Qe2 Nxf3+ 19. Qxf3 Ne5 20. Qe4 Ng6 21. dxe6 Qxg3 22. exf7+ Rxf7 23. Qxa8+ Rf8 24. Rxf8+ Nxf8 25. Qd5+ Kh8 26. Qf7 1-0